000 01229nam a2200313 i 4500
001 15796
003 ES-MaACL
005 20230906151145.0
007 t|
008 000508s1985 sp ||||1| spa d
080 _a327(410)"1558/1603"(093)
080 _a327(410)"1603/25"(093)
080 _a946.818 C."1596"(093)
080 _a946.818 C."1625"(093)
100 1 _aCalderón Quijano, José Antonio.
_933626
245 1 0 _aVersiones inglesas de los ataques anglo-holandeses a Cádiz, 1596 y 1625 /
_cestudio por José Antonio Calderón Quijano ; versión por J.A. Calderón Quijano y T. Barzdevics Tejera.
260 _aCádiz :
_bCaja de Ahorros de Cádiz,
_c[1985]
300 _aXVI, 146 p. :
_bil. ;
_c23 cm.
490 1 _aHistoria ;
_v4
651 4 _aGran Bretaña-
_xPolítica exterior-
_y1558-1603-
_vFuentes.
_98758
651 4 _aGran Bretaña-
_xPolítica exterior-
_y1603-1625-
_vFuentes.
_98759
651 4 _aCádiz-
_xHistoria-
_y1596-
_vFuentes.
_97916
651 4 _aCádiz-
_xHistoria-
_y1625-
_vFuentes.
_97917
700 1 _aBarzdevics Tejera, I.
_926218
710 2 _aCaja de Ahorros de Cádiz.
_92284
830 0 _aHistoria ;
_v4
_9177536
852 _aES-MaACL
_jL-22936
_bR.113533
999 _c15796
_d15796